|
|
|
|
| LEADER |
00000naa0a2200000 4500 |
| 001 |
597470 |
| 005 |
20250206142554.0 |
| 035 |
|
|
|a (RuTPU)RU\TPU\tpu\20771
|
| 090 |
|
|
|a 597470
|
| 100 |
|
|
|a 20120220d1983 k y0rusy50 ca
|
| 101 |
0 |
|
|a rus
|
| 102 |
|
|
|a RU
|
| 200 |
1 |
|
|a Дуговая сварка покрытыми электродами модулированным током термоупрочненных сталей
|f Н. А. Азаров, Р. И. Дедюх
|
| 333 |
|
|
|a В фонде НТБ ТПУ отсутствует
|
| 463 |
|
|
|t Тезисы докладов Всесоюзной конференции по сварке в судостроении и судоремонте, Владивосток, 13-16 сентября 1983 г.
|v С. 17
|d 1983
|
| 610 |
1 |
|
|a труды учёных ТПУ
|
| 700 |
|
1 |
|a Азаров
|b Н. А.
|c специалист в области сварочного производства
|c доцент Томского политехнического университета
|f 1951-
|g Николай Антонович
|3 (RuTPU)RU\TPU\pers\26674
|
| 701 |
|
1 |
|a Дедюх
|b Р. И.
|c специалист в области машиностроения
|c доцент Томского политехнического университета, кандидат технических наук
|c заместитель директора Института физики высоких технологий Томского политехнического университета
|f 1943-
|g Ростислав Иванович
|3 (RuTPU)RU\TPU\pers\27254
|4 070
|
| 801 |
|
1 |
|a RU
|b 63413507
|c 20120220
|
| 942 |
|
|
|c BK
|